[Event "Alberta-ch U20"]
[Site "Edmonton"]
[Date "2014.11.22"]
[Round "1"]
[White "Wang, Richard"]
[Black "Grossmann, Lenard"]
[Result "1-0"]
[WhiteElo "2433"]
[BlackElo "1683"]
[PlyCount "43"]
[EventDate "2014.11.22"]
[EventType "tourn"]
[EventRounds "5"]
[EventCountry "CAN"]
[SourceTitle "EXT 2022"]
[Source "ChessBase"]
[SourceDate "2021.10.06"]
[SourceVersion "1"]
[SourceVersionDate "2021.10.06"]
[SourceQuality "1"]

1. Nf3 Nf6 2. d4 e6 3. c4 c5 4. d5 b5 5. Bg5 Qb6 6. Bxf6 gxf6 7. cxb5 Qxb5 8. Qd2 Ba6 9. Nc3 Qb7 10. 0-0-0 e5 11. d6 Nc6 12. Nd5 Bg7 13. Nc7+ Kd8 14. Nxa8 Qxa8 15. e3 Bxf1 16. Rhxf1 Nb4 17. a3 Nc6 18. Qd5 Rf8 19. Qxc5 Qb7 20. Nh4 Qb3 21. Nf5 Bh8 22. Ne7 1-0

[Event "Edmonton Northern Alberta op"]
[Site "Edmonton"]
[Date "2014.02.15"]
[Round "1.6"]
[White "Rekhson, Vladislav"]
[Black "Grossmann, Lenard"]
[Result "1-0"]
[WhiteElo "2259"]
[BlackElo "1632"]
[PlyCount "53"]
[EventDate "2014.02.15"]
[EventType "swiss"]
[EventRounds "5"]
[EventCountry "CAN"]
[SourceTitle "EXT 2022"]
[Source "ChessBase"]
[SourceDate "2021.10.06"]
[SourceVersion "1"]
[SourceVersionDate "2021.10.06"]
[SourceQuality "1"]

1. c4 e5 2. g3 Nf6 3. Bg2 c6 4. d3 d5 5. b3 Be6 6. Bb2 Nbd7 7. Nf3 Bd6 8. 0-0 0-0 9. Nc3 d4 10. Nb1 a5 11. e3 c5 12. Na3 Ne8 13. Nb5 Be7 14. Qe2 f6 15. exd4 cxd4 16. Nfxd4 exd4 17. Qxe6+ Kh8 18. Bxb7 Rb8 19. Bg2 Nc5 20. Qe2 Nc7 21. Nxd4 Re8 22. Nc6 Qxd3 23. Qxd3 Nxd3 24. Nxb8 Rxb8 25. Rad1 Nxb2 26. Rd7 Bd8 27. Rd2 1-0